[Event "YUG-chT2"]
[Site "Yugoslavia"]
[Date "1994.??.??"]
[Round "3"]
[White "Lazic, Marina"]
[Black "Vujic Katanic, Branka"]
[Result "1-0"]
[WhiteElo "2135"]
[BlackElo "2180"]
[PlyCount "73"]
[EventDate "1994.??.??"]
[EventType "team"]
[EventRounds "11"]
[EventCountry "YUG"]
[SourceTitle "EXT 1997"]
[Source "ChessBase"]
[SourceDate "1996.11.15"]
[SourceVersion "1"]
[SourceVersionDate "1996.11.15"]
[SourceQuality "1"]

1. d4 Nf6 2. c4 g6 3. Nc3 Bg7 4. e4 0-0 5. f4 d6 6. Nf3 c5 7. d5 b5 8. cxb5 a6 9. b6 Qxb6 10. Be2 e6 11. Bc4 Re8 12. 0-0 Ra7 13. Kh1 exd5 14. Nxd5 Nxd5 15. Bxd5 Nd7 16. Nd2 Nf6 17. Nc4 Qc7 18. Nxd6 Re7 19. Nxc8 Qxc8 20. e5 Nxd5 21. Qxd5 Red7 22. Qc4 Rd4 23. Qc2 Rad7 24. Be3 Rd3 25. Rfe1 Qb7 26. b3 Bf8 27. Rac1 Qd5 28. h3 h5 29. Qc4 Qb7 30. e6 fxe6 31. Qxe6+ Kg7 32. f5 R7d6 33. Qe5+ Kg8 34. Rxc5 R3d5 35. Rxd5 Rxd5 36. Qe6+ Kh8 37. Qxg6 1-0

[Event "YUG-chT (Women)"]
[Site "Cetinje"]
[Date "1993.??.??"]
[Round "2"]
[White "Boskovic, Malina"]
[Black "Lazic, Marina"]
[Result "0-1"]
[WhiteElo "2080"]
[BlackElo "2115"]
[PlyCount "98"]
[EventDate "1993.??.??"]
[EventType "team"]
[EventRounds "11"]
[EventCountry "YUG"]
[SourceTitle "TD"]
[Source "ChessBase"]
[SourceDate "1994.03.01"]
[SourceVersion "1"]
[SourceVersionDate "1994.03.01"]
[SourceQuality "1"]

1. e4 c6 2. d4 d5 3. Nd2 dxe4 4. Nxe4 Nd7 5. Nf3 Ngf6 6. Ng3 e6 7. c3 c5 8. Bd3 Be7 9. 0-0 0-0 10. Qe2 b6 11. Rd1 Bb7 12. Ne5 Qc7 13. Nxd7 Nxd7 14. Nh5 Nf6 15. Bf4 Qc6 16. Nxf6+ Bxf6 17. f3 cxd4 18. Be4 Qd7 19. Kh1 Bxe4 20. Qxe4 Qb5 21. cxd4 Qxb2 22. a4 Rad8 23. Be3 Rd5 24. Qd3 Qb4 25. Qa6 Ra5 26. Qb7 Rxa4 27. Rac1 Qb3 28. Bg1 Ra2 29. Ra1 Rb2 30. Rdc1 Ra2 31. Rxa2 Qxa2 32. Rc7 Qb1 33. Rd7 Bg5 34. f4 Bxf4 35. Qf3 Qc1 36. Rxa7 g6 37. Rb7 Bc7 38. g3 Rb8 39. Ra7 b5 40. Kg2 b4 41. Qb3 Qd2+ 42. Bf2 Bb6 43. Rd7 Rd8 44. Rxd8+ Bxd8 45. Qa4 Bf6 46. Qa5 Kg7 47. Kf3 Bxd4 48. Bxd4+ Qxd4 49. h4 Qd5+ 0-1